[Event "Nantes op 8th"]
[Site "Nantes"]
[Date "2009.12.??"]
[Round "1"]
[White "Theon, Pierre"]
[Black "Barsov, Alexei"]
[Result "0-1"]
[WhiteElo "2121"]
[BlackElo "2511"]
[PlyCount "39"]
[EventDate "2009.12.??"]
[EventType "swiss"]
[EventRounds "9"]
[EventCountry "FRA"]
[SourceTitle "CBM 134 Extra"]
[Source "ChessBase"]
[SourceDate "2010.03.03"]
[SourceVersion "1"]
[SourceVersionDate "2010.03.03"]
[SourceQuality "1"]

1. e4 e6 2. d4 d5 3. Nd2 c5 4. c3 cxd4 5. cxd4 dxe4 6. Nxe4 Nf6 7. Bd3 Bb4+ 8. Nc3 0-0 9. Nf3 b6 10. 0-0 Bb7 11. a3 Bxc3 12. bxc3 Qc7 13. Ne5 Qxc3 14. Be3 Qa5 15. f4 Nc6 16. Bc2 Rad8 17. Rb1 Qd5 18. Nf3 Na5 19. f5 exf5 20. Bg5 0-1

[Event "FRA-chT2 0910"]
[Site "France"]
[Date "2009.10.18"]
[Round "3.7"]
[White "Isufi, Ermal"]
[Black "Theon, Pierre"]
[Result "0-1"]
[WhiteElo "2105"]
[BlackElo "2107"]
[PlyCount "38"]
[EventDate "2009.09.27"]
[EventType "team-tourn"]
[EventRounds "11"]
[EventCountry "FRA"]
[SourceTitle "EXT 2011"]
[Source "ChessBase"]
[SourceDate "2010.11.26"]
[SourceVersion "1"]
[SourceVersionDate "2010.11.26"]
[SourceQuality "1"]

1. e4 c5 2. Nf3 Nc6 3. c3 Nf6 4. e5 Nd5 5. d4 cxd4 6. cxd4 d6 7. Bc4 Nb6 8. Qb3 Nxc4 9. Qxc4 Bg4 10. Nbd2 Rc8 11. exd6 Qxd6 12. d5 Ne5 13. Qb3 Qa6 14. Qe3 Nd3+ 15. Kd1 e6 16. dxe6 Bc5 17. exf7+ Kxf7 18. Qg5 Nxf2+ 19. Ke1 Rhe8+ 0-1

[Event "Rennes op 2nd"]
[Site "Rennes"]
[Date "2009.07.22"]
[Round "8"]
[White "Mladenov, Plamen"]
[Black "Theon, Pierre"]
[Result "1-0"]
[WhiteElo "2362"]
[BlackElo "2121"]
[PlyCount "49"]
[EventDate "2009.07.15"]
[EventType "swiss"]
[EventRounds "9"]
[EventCountry "FRA"]
[SourceTitle "EXT 2011"]
[Source "ChessBase"]
[SourceDate "2010.11.26"]
[SourceVersion "1"]
[SourceVersionDate "2010.11.26"]
[SourceQuality "1"]

1. d4 Nf6 2. Bg5 Ne4 3. Bf4 c5 4. f3 Nf6 5. dxc5 Qa5+ 6. Qd2 Qxc5 7. e4 Nc6 8. Nc3 d6 9. 0-0-0 Qa5 10. Bc4 Bd7 11. Bb3 Rc8 12. g4 h6 13. h4 Ne5 14. Bxe5 Qxe5 15. Nge2 e6 16. g5 Nh5 17. f4 Qc5 18. f5 Be7 19. Nd4 Qe5 20. g6 fxg6 21. Nxe6 Ng3 22. Rh3 Rxc3 23. bxc3 Nxe4 24. Qg2 g5 25. Rd5 1-0